|
|
|
|
| LEADER |
00000cam a2200000 a 4500 |
| 001 |
vtls001515893 |
| 003 |
SK-MaSNL |
| 005 |
20260302073842.0 |
| 008 |
251112s1589 it 000 0 ita |
| 015 |
|
|
|a SNBHFA1589
|
| 035 |
|
|
|a 19143Bap
|
| 035 |
|
|
|a 1CF4C1A0-A1D1-49F0-8F61-80DAF877C074
|
| 035 |
|
|
|a urn:nbn:sk:snk-am00ijp4
|
| 040 |
|
|
|a SNKHFA
|b slo
|c SNKHFA
|e AACR2
|
| 041 |
0 |
|
|a ita
|
| 044 |
|
|
|a it
|c IT
|
| 072 |
|
7 |
|a 2-1
|x Prirodzená teológia. Náboženská filozofia
|2 konspekt
|
| 080 |
|
|
|a 27-4
|2 2011
|
| 080 |
|
|
|a 2-1
|2 2011
|
| 100 |
1 |
|
|a Estella, Diego de,
|d 1524-1578
|4 aut
|9 127524
|
| 245 |
1 |
0 |
|a [Dispregio Della Vanita Del Mondo, Del R.P.F. Diego di Stella dell` Ordine di S. Francesco Osseruante; Diuiso in tre parti. Nvovamente Tradotto dalla spagnuola nella lingua toscana dal R. M. Pietro Buonfani, Piouano di Bibbiena]
|
| 260 |
|
|
|a In Venetia
|b Appresso gli Heredi di Francesco Ziletti
|c M D LXXXIX. [=1589]
|
| 300 |
|
|
|a 4 partes
|c 12°
|c 14 cm
|
| 500 |
|
|
|a Signet, vineta, iniciálky s ornamentálnym pozadím v rámčeku a vo voľnom priestore na 6 riadkov, kustódy
|
| 504 |
|
|
|a Marginálie
|
| 505 |
1 |
|
|a Parte 2.: [4], 5-325 listov
|
| 510 |
0 |
|
|a Le edizioni - báza CNC 17152
|
| 546 |
|
|
|a Taliančina
|b Kurzíva
|
| 561 |
|
|
|a Rukopisné poznámky: [...] Antonio di Piacenza sacerdote nouello [...]. - [...].
|5 SNK IE 10498
|
| 561 |
|
|
|a Z knižnice františkánov v Bratislave.
|5 SNK IE 10498
|
| 562 |
|
|
|a Rukopisné poznámky v latinčine k textu.
|5 SNK IE 10498
|
| 563 |
|
|
|a Väzba: pôvodná, žltá hladká koža, stopy po šnúrkach.
|5 SNK IE 10498
|
| 650 |
0 |
7 |
|a kresťanský život
|2 SNKPH
|9 1808
|
| 650 |
0 |
7 |
|a teológia
|2 SNKPH
|9 1814
|
| 655 |
|
7 |
|a staré tlače
|2 SNKPH
|9 69193
|
| 700 |
1 |
|
|a Ziletti, Francesco - dedičia
|4 prt
|9 738763
|
| 700 |
1 |
|
|a Piacenza, Antonio
|4 fmo
|9 72391
|
| 710 |
0 |
|
|a Ziletti, Francesco - dedičia (Benátky, Taliansko)
|4 prt
|9 738764
|
| 710 |
1 |
|
|a Františkáni (Bratislava, Slovensko)
|4 fmo
|9 281881
|
| 752 |
|
|
|a Taliansko
|d Benátky
|
| 852 |
|
|
|a Slovenská národná knižnica
|b Historické fondy
|
| 852 |
|
|
|a snk
|b Historické fondy
|p IE 10498
|
| 958 |
|
|
|a ONDV
|
| 999 |
|
|
|c 1162646
|d 1164576
|
| 952 |
|
|
|t Fr Ba 19 143
|a SNK
|b SNK
|c SNK_HF
|y PREZ
|7 0
|p 17A1302965
|o snkIE 10498
|i snk2019/21102
|8 5
|0 0
|1 0
|4 0
|d 2005-04-05
|f 1
|l 0
|r 2005-04-05 00:00:00
|w 2026-02-24
|